[Event "Madrid ch Veteranos 2010-2011"]
[Site "Madrid ESP"]
[Date "2011.02.16"]
[Round "8.5"]
[White "Rodriguez Perez, Rene"]
[Black "Minguela Munoz, Bienvenido"]
[Result "1/2-1/2"]
[WhiteElo "2022"]
[BlackElo "1902"]
[PlyCount "90"]
[EventDate "2011.02.07"]
[EventType "swiss"]
[EventRounds "9"]
[EventCountry "ESP"]
[Source "lmi"]
[SourceDate "2011.02.07"]

1. e4 c5 2. Nf3 Nc6 3. Bb5 a6 4. Bxc6 bxc6 5. O-O d5 6. exd5 cxd5 7. d4 e6 8.
Ne5 Nf6 9. c3 Bd7 10. Bg5 cxd4 11. Qxd4 Be7 12. Nd2 O-O 13. Rfe1 Rc8 14. b4 Bc6
15. a4 Bb7 16. Rec1 Nd7 17. Bxe7 Qxe7 18. Nxd7 Qxd7 19. c4 Qe7 20. c5 Bc6 21.
Nf3 f6 22. Qd3 Qb7 23. Rcb1 e5 24. b5 axb5 25. axb5 Be8 26. c6 Bxc6 27. bxc6
Qxc6 28. Qd2 d4 29. Rc1 Qe4 30. Ne1 Qd5 31. Ra7 e4 32. g3 Rxc1 33. Qxc1 d3 34.
Qc7 Qf7 35. Qxf7+ Rxf7 36. Rxf7 Kxf7 37. Ng2 Ke6 38. Kf1 Ke5 39. Ke1 f5 40. Kd2
g5 41. Kc3 h5 42. h4 f4 43. hxg5 fxg3 44. fxg3 Kf5 45. Kd4 Kxg5 1/2-1/2

[Event "Madrid ch Veteranos 2010-2011"]
[Site "Madrid ESP"]
[Date "2011.02.16"]
[Round "8.7"]
[White "Lopez Heras, Arturo"]
[Black "Olano Lanchas, Dionisio"]
[Result "1-0"]
[WhiteElo "2021"]
[BlackElo "1772"]
[PlyCount "83"]
[EventDate "2011.02.07"]
[EventType "swiss"]
[EventRounds "9"]
[EventCountry "ESP"]
[Source "lmi"]
[SourceDate "2011.02.07"]

1. c4 e5 2. Nc3 Nf6 3. e4 a6 4. Nf3 d6 5. d4 exd4 6. Nxd4 Be7 7. Be2 Bd7 8. O-O
Nc6 9. Be3 Ne5 10. h3 h6 11. Qc2 c5 12. Nb3 Nc6 13. Rad1 O-O 14. f4 Re8 15. Bf3
Bf8 16. Bf2 Be6 17. Nd5 Nd7 18. Rfe1 f6 19. Bh5 Bf7 20. Bxf7+ Kxf7 21. Qe2 Kg6
22. Qg4+ Kh7 23. h4 b6 24. h5 Ra7 25. Re3 Rb7 26. Rg3 Rxe4 27. Qg6+ Kh8 28.
Qxe4 Ndb8 29. Re1 Rd7 30. Qe8 b5 31. cxb5 axb5 32. Qg6 Ne7 33. Nxe7 Rxe7 34.
Rxe7 Qxe7 35. Re3 Qc7 36. Re8 Qb7 37. Qe4 Qf7 38. Rxb8 d5 39. Qe8 d4 40. Nxc5
Qxe8 41. Rxe8 Kg8 42. Rxf8+ 1-0

[Event "Madrid ch Veteranos 2010-2011"]
[Site "Madrid ESP"]
[Date "2011.02.16"]
[Round "8.8"]
[White "Ortega Morales, Pedro"]
[Black "Garcia Gonzalez, Pedro A"]
[Result "1/2-1/2"]
[WhiteElo "1819"]
[BlackElo "1879"]
[PlyCount "40"]
[EventDate "2011.02.07"]
[EventType "swiss"]
[EventRounds "9"]
[EventCountry "ESP"]
[Source "lmi"]
[SourceDate "2011.02.07"]

1. d4 d5 2. Bf4 Nf6 3. e3 e6 4. Nf3 Be7 5. Ne5 a6 6. Bd3 c5 7. c3 b5 8. Nd2 Bb7
9. a3 Nbd7 10. Qf3 O-O 11. h4 Nxe5 12. dxe5 Nd7 13. Bxh7+ Kxh7 14. Qh5+ Kg8 15.
Nf3 f6 16. Ng5 fxg5 17. hxg5 Bxg5 18. Bxg5 Qe8 19. Qh7+ Kf7 20. Qh5+ Kg8
1/2-1/2

[Event "Madrid ch Veteranos 2010-2011"]
[Site "Madrid ESP"]
[Date "2011.02.16"]
[Round "8.9"]
[White "Diaz Begonte, Manuel"]
[Black "De Paz Nistal, Santiago"]
[Result "0-1"]
[WhiteElo "1783"]
[BlackElo "2025"]
[PlyCount "100"]
[EventDate "2011.02.07"]
[EventType "swiss"]
[EventRounds "9"]
[EventCountry "ESP"]
[Source "lmi"]
[SourceDate "2011.02.07"]

1. e4 e6 2. d4 d5 3. exd5 exd5 4. Nf3 Nf6 5. Bg5 Be7 6. Bd3 O-O 7. O-O Bg4 8.
Nbd2 Bh5 9. c3 Nbd7 10. Qc2 Bg6 11. Rfe1 Re8 12. Re2 Bd6 13. Rxe8+ Qxe8 14. Re1
Qc8 15. Bxg6 hxg6 16. c4 c5 17. cxd5 cxd4 18. Qxc8+ Rxc8 19. Nxd4 Nxd5 20. g3
f6 21. Be3 Nxe3 22. Rxe3 Ne5 23. N2b3 a6 24. h3 Kf7 25. Kf1 Rc7 26. Rc3 Nc4 27.
Rc2 b5 28. Ke2 Ke7 29. Nd2 Nxd2 30. Rxc7+ Bxc7 31. Kxd2 Kd6 32. Kd3 Kd5 33. g4
Bb6 34. Nc2 Bxf2 35. Nb4+ Ke5 36. Nxa6 Kf4 37. Nc7 Kg3 38. Ke2 Bd4 39. Nxb5
Bxb2 40. a4 Kxh3 41. Kf3 Be5 42. a5 f5 43. gxf5 gxf5 44. Na7 Bc7 45. a6 g5 46.
Nc6 g4+ 47. Ke2 Bb6 48. Ne5 g3 49. Nf3 g2 50. Ng5+ Kg4 0-1

[Event "Madrid ch Veteranos 2010-2011"]
[Site "Madrid ESP"]
[Date "2011.02.16"]
[Round "8.10"]
[White "Fernandez Garcia, Ignacio"]
[Black "Pardo Robles, Jose Manuel"]
[Result "1-0"]
[WhiteElo "1931"]
[BlackElo "1865"]
[PlyCount "125"]
[EventDate "2011.02.07"]
[EventType "swiss"]
[EventRounds "9"]
[EventCountry "ESP"]
[Source "lmi"]
[SourceDate "2011.02.07"]

1. e4 c5 2. Nf3 e6 3. Nc3 Nc6 4. Ne2 d6 5. c3 Nf6 6. Ng3 Bd7 7. Bd3 Be7 8. Bc2
O-O 9. d3 b5 10. h3 a5 11. Nh2 d5 12. O-O dxe4 13. dxe4 Qc7 14. Re1 Rfd8 15.
Qe2 Ne5 16. f4 Ng6 17. e5 Nd5 18. Qh5 f5 19. Qf3 Bc6 20. Qf2 c4 21. Ne2 Bb7 22.
Nf3 Bc5 23. Nfd4 Qb6 24. Kh2 b4 25. Bd2 Rd7 26. g4 fxg4 27. hxg4 Nde7 28. Be3
Rf8 29. Kg3 Rf7 30. Qh2 Nf8 31. Rad1 g6 32. Rd2 Nc6 33. Ba4 Nxd4 34. Bxd4 Bc6
35. Bc2 Bxd4 36. Nxd4 Ba8 37. Qf2 Bd5 38. Qe3 Rde7 39. Rh2 Rg7 40. Kf2 Qb7 41.
Rg1 b3 42. axb3 cxb3 43. Bd3 Qc7 44. Be4 Bxe4 45. Qxe4 Nd7 46. Qa8+ Kf7 47. Ra1
Nxe5 48. fxe5 Qxe5 49. Rh3 Rg8 50. Rxh7+ Rg7 51. Rxg7+ Kxg7 52. Rh1 Rf7+ 53.
Kg2 Rf6 54. Qb7+ Rf7 55. Rh7+ Kxh7 56. Qxf7+ Kh6 57. Qxe6 Qf4 58. Qe2 Qd6 59.
Qe3+ Kh7 60. Qf3 a4 61. Qf7+ Kh6 62. Nf3 Qd1 63. g5+ 1-0

[Event "Madrid ch Veteranos 2010-2011"]
[Site "Madrid ESP"]
[Date "2011.02.17"]
[Round "9.1"]
[White "Pastor Alonso De Prado, Emilio Alberto"]
[Black "Fuentes Arjona, Antonio"]
[Result "0-1"]
[WhiteElo "2176"]
[BlackElo "2006"]
[PlyCount "88"]
[EventDate "2011.02.07"]
[EventType "swiss"]
[EventRounds "9"]
[EventCountry "ESP"]
[Source "lmi"]
[SourceDate "2011.02.07"]

1. e4 c5 2. Nf3 d6 3. Bb5+ Bd7 4. Bxd7+ Qxd7 5. O-O Nc6 6. c3 Nf6 7. Qe2 e5 8.
d3 Be7 9. Nbd2 O-O 10. a4 d5 11. Re1 Rfe8 12. Nf1 d4 13. c4 Bf8 14. Bd2 g6 15.
Ng3 Bg7 16. Rf1 a5 17. Ne1 Qg4 18. f3 Qh4 19. f4 Qg4 20. f5 Qxe2 21. Nxe2 Ng4
22. h3 Ne3 23. Bxe3 dxe3 24. Nc3 gxf5 25. exf5 Nd4 26. Nd5 Nb3 27. Nc2 Nxa1 28.
Rxa1 e4 29. f6 exd3 30. Ncxe3 Rxe3 31. fxg7 Re2 32. Rd1 d2 33. Kf1 Re1+ 34.
Rxe1 dxe1=Q+ 35. Kxe1 Kxg7 36. b3 Rd8 37. g3 Kg6 38. Ke2 Kf5 39. Kf3 Rxd5 40.
cxd5 Ke5 41. Ke3 Kxd5 42. Kd3 f5 43. Ke3 c4 44. bxc4+ Kxc4 0-1

[Event "Madrid ch Veteranos 2010-2011"]
[Site "Madrid ESP"]
[Date "2011.02.17"]
[Round "9.2"]
[White "Ortiz Herranz, Eleazar"]
[Black "Lopez Heras, Arturo"]
[Result "1-0"]
[WhiteElo "2243"]
[BlackElo "2021"]
[PlyCount "83"]
[EventDate "2011.02.07"]
[EventType "swiss"]
[EventRounds "9"]
[EventCountry "ESP"]
[Source "lmi"]
[SourceDate "2011.02.07"]

1. e4 e5 2. Nf3 Nc6 3. Bb5 f5 4. d4 fxe4 5. Bxc6 dxc6 6. Nxe5 Nf6 7. O-O Bd6 8.
Qe2 Qe7 9. Bf4 O-O 10. Nd2 Bf5 11. Bg3 Rae8 12. Ndc4 h6 13. Na5 c5 14. Nxb7
cxd4 15. Nc6 Qd7 16. Nxd6 d3 17. Qd2 cxd6 18. Nd4 Bg6 19. Rfe1 dxc2 20. Nxc2 d5
21. Qd4 Rc8 22. Ne3 Bf7 23. h3 Be6 24. Rad1 Bf7 25. Rd2 Rfd8 26. Red1 Rc6 27.
b4 Qb7 28. Be5 Ne8 29. a4 Rb6 30. Rb2 a6 31. Rc1 Rc6 32. Rxc6 Qxc6 33. b5 axb5
34. axb5 Qb7 35. b6 Rc8 36. Rc2 Rxc2 37. Nxc2 Be6 38. Qb2 Bd7 39. Nd4 Nf6 40.
Qb4 Ne8 41. Nb3 Bc6 42. Na5 1-0

[Event "Madrid ch Veteranos 2010-2011"]
[Site "Madrid ESP"]
[Date "2011.02.17"]
[Round "9.4"]
[White "Minguela Munoz, Bienvenido"]
[Black "Casares Ripol, Fernando"]
[Result "0-1"]
[WhiteElo "1902"]
[BlackElo "2109"]
[PlyCount "43"]
[EventDate "2011.02.07"]
[EventType "swiss"]
[EventRounds "9"]
[EventCountry "ESP"]
[Source "lmi"]
[SourceDate "2011.02.07"]

1. d4 d5 2. c4 c5 3. cxd5 Nf6 4. Nf3 cxd4 5. Nxd4 Nxd5 6. e4 Nb4 7. Bb5+ Bd7 8.
Bxd7+ Qxd7 9. O-O e5 10. Nf3 Qxd1 11. Rxd1 Nc2 12. Nc3 Nxa1 13. Nb5 Na6 14.
Nxe5 Nc2 15. Bf4 Ncb4 16. Nc4 Rd8 17. Ncd6+ Bxd6 18. Bxd6 f6 19. f4 Kf7 20. e5
Rhe8 21. a3 Nc6 22. b4 0-1

[Event "Madrid ch Veteranos 2010-2011"]
[Site "Madrid ESP"]
[Date "2011.02.17"]
[Round "9.5"]
[White "Cabanas Bravo, Juan Andres"]
[Black "Rodriguez Perez, Rene"]
[Result "1-0"]
[WhiteElo "2059"]
[BlackElo "2022"]
[PlyCount "67"]
[EventDate "2011.02.07"]
[EventType "swiss"]
[EventRounds "9"]
[EventCountry "ESP"]
[Source "lmi"]
[SourceDate "2011.02.07"]

1. e4 e6 2. d4 d5 3. Nc3 Nf6 4. Bg5 Bb4 5. e5 h6 6. Bd2 Bxc3 7. bxc3 Ne4 8. Qg4
Kf8 9. Bd3 Nxd2 10. Kxd2 c5 11. Nf3 Qa5 12. h4 Nc6 13. Qf4 Bd7 14. Rhb1 cxd4
15. Nxd4 Qc7 16. Re1 a6 17. Bg6 f6 18. Nf3 Rc8 19. Re3 d4 20. cxd4 Nb4 21. Rb3
f5 22. Ne1 Nxc2 23. Nxc2 Qxc2+ 24. Ke1 Bb5 25. Qe3 Ke7 26. Rxb5 axb5 27. Qa3+
Rc5 28. Qxc5+ Qxc5 29. dxc5 Ra8 30. Rb1 Ra5 31. Bh5 Ra4 32. Rxb5 Re4+ 33. Kd2
Rxe5 34. Rxb7+ 1-0

[Event "Madrid ch Veteranos 2010-2011"]
[Site "Madrid ESP"]
[Date "2011.02.17"]
[Round "9.6"]
[White "De Paz Nistal, Santiago"]
[Black "Lastras Hernandez, Tomas"]
[Result "1/2-1/2"]
[WhiteElo "2025"]
[BlackElo "1881"]
[PlyCount "88"]
[EventDate "2011.02.07"]
[EventType "swiss"]
[EventRounds "9"]
[EventCountry "ESP"]
[Source "lmi"]
[SourceDate "2011.02.07"]

1. e4 c5 2. Nc3 Nc6 3. g3 d6 4. Bg2 g6 5. Nge2 Bg7 6. O-O Nf6 7. d4 cxd4 8.
Nxd4 O-O 9. Nxc6 bxc6 10. e5 dxe5 11. Bxc6 Qxd1 12. Rxd1 Rb8 13. Nd5 Nxd5 14.
Bxd5 Bf5 15. Bb3 Rbc8 16. c3 Bg4 17. Re1 Rcd8 18. Kg2 Bc8 19. Be3 Bb7+ 20. Kg1
a6 21. Bc5 Bf6 22. Rad1 Bf3 23. Rxd8 Rxd8 24. Be3 Kg7 25. Bc4 Rb8 26. b3 a5 27.
Rc1 e6 28. Kf1 Be7 29. Be2 e4 30. Bxf3 exf3 31. Ke1 e5 32. Kd2 e4 33. Kc2 Kf6
34. Rd1 Ke6 35. c4 Rc8 36. Rd5 a4 37. Kc3 axb3 38. axb3 Rb8 39. Bf4 Bf6+ 40.
Kc2 Ra8 41. Rd2 Ra1 42. Be3 Ra2+ 43. Kc1 Ra3 44. Kc2 Ra2+ 1/2-1/2

[Event "Madrid ch Veteranos 2010-2011"]
[Site "Madrid ESP"]
[Date "2011.02.17"]
[Round "9.7"]
[White "Moragrega Herrero, Juan Jose"]
[Black "Ortega Morales, Pedro"]
[Result "1/2-1/2"]
[WhiteElo "1970"]
[BlackElo "1819"]
[PlyCount "123"]
[EventDate "2011.02.07"]
[EventType "swiss"]
[EventRounds "9"]
[EventCountry "ESP"]
[Source "lmi"]
[SourceDate "2011.02.07"]

1. d4 Nf6 2. g3 d5 3. Bg2 Bf5 4. Nd2 e6 5. f3 Be7 6. Nh3 h6 7. Nf2 c5 8. c3 Nc6
9. Nb3 cxd4 10. cxd4 Rc8 11. Bd2 Nb4 12. O-O O-O 13. e4 Bh7 14. Bc3 Ne8 15. Qd2
Nc6 16. Rfe1 Nd6 17. Bf1 b5 18. Nc5 Nc4 19. Bxc4 bxc4 20. b4 Bxc5 21. bxc5 Rb8
22. Rab1 Qc7 23. Rb2 Rxb2 24. Qxb2 Rb8 25. Qa3 Qb7 26. Kg2 Qa8 27. Re2 Bg6 28.
Rb2 Rxb2 29. Qxb2 Qb8 30. Qc2 f6 31. Qd2 a5 32. Bxa5 Qa7 33. Bc3 Qa3 34. exd5
exd5 35. Nd1 Bb1 36. Ne3 Ne7 37. g4 Qxa2 38. Qxa2 Bxa2 39. Kg3 g6 40. h4 Kf7
41. Nc2 Nc6 42. Kf2 Bb1 43. Ne3 Ke6 44. Kg3 Na7 45. f4 Be4 46. f5+ gxf5 47.
gxf5+ Bxf5 48. Kf4 Bg6 49. Ba5 h5 50. Nd1 Nc6 51. Bc3 Na7 52. Ke3 Be4 53. Be1
Kf5 54. Nc3 Bg2 55. Ne2 Kg4 56. Nf4 Be4 57. Ne6 Nb5 58. c6 Bf5 59. Nf4 Nxd4 60.
Nxd5 Nxc6 61. Nxf6+ Kh3 62. Nxh5 1/2-1/2

[Event "Madrid ch Veteranos 2010-2011"]
[Site "Madrid ESP"]
[Date "2011.02.17"]
[Round "9.8"]
[White "Garcia Gonzalez, Pedro A"]
[Black "Fernandez Garcia, Ignacio"]
[Result "0-1"]
[WhiteElo "1879"]
[BlackElo "1931"]
[PlyCount "94"]
[EventDate "2011.02.07"]
[EventType "swiss"]
[EventRounds "9"]
[EventCountry "ESP"]
[Source "lmi"]
[SourceDate "2011.02.07"]

1. d4 Nf6 2. Nf3 g6 3. Nbd2 Bg7 4. e4 d6 5. Bd3 Nc6 6. c3 O-O 7. O-O Bg4 8. h3
Bd7 9. Re1 e5 10. dxe5 Nxe5 11. Nxe5 dxe5 12. Bc4 Nh5 13. Nf3 Nf4 14. Qb3 Qc8
15. Bxf4 exf4 16. Bf1 Be6 17. Qc2 h6 18. Nd4 Bd7 19. Rad1 a6 20. Rd2 c5 21. Nf3
Be6 22. a3 Qc7 23. Red1 Rfe8 24. Be2 Qb6 25. Re1 Qc6 26. Red1 Qc8 27. Bf1 Qc7
28. Be2 Qe7 29. Rd6 b5 30. Nh2 Be5 31. R6d2 Bc7 32. Bf3 Qg5 33. Bg4 Bxg4 34.
hxg4 f3 35. Nxf3 Qxg4 36. Rd7 Qf4 37. Qd3 Rac8 38. Qd5 Rcd8 39. e5 Rxd7 40.
Qxd7 Rd8 41. Qxd8+ Bxd8 42. Rxd8+ Kg7 43. Rd6 Qc1+ 44. Kh2 Qxb2 45. Rxa6 Qxc3
46. e6 fxe6 47. Rxe6 Qxa3 0-1

[Event "Madrid ch Veteranos 2010-2011"]
[Site "Madrid ESP"]
[Date "2011.02.17"]
[Round "9.9"]
[White "Leniz Martinez, Francisco"]
[Black "Garcia Martin, Juan Manuel"]
[Result "1/2-1/2"]
[WhiteElo "1828"]
[BlackElo "1903"]
[PlyCount "50"]
[EventDate "2011.02.07"]
[EventType "swiss"]
[EventRounds "9"]
[EventCountry "ESP"]
[Source "lmi"]
[SourceDate "2011.02.07"]

1. Nf3 d5 2. d4 Nf6 3. c4 e6 4. e3 Bb4+ 5. Bd2 Bxd2+ 6. Nbxd2 O-O 7. Bd3 Nbd7
8. O-O c5 9. cxd5 Nxd5 10. Rc1 cxd4 11. exd4 N7b6 12. b3 Bd7 13. Ne5 Rc8 14.
Qh5 h6 15. Qg4 Qe7 16. Qe4 f5 17. Qf3 Rxc1 18. Rxc1 Rc8 19. Rxc8+ Bxc8 20. h3
Nb4 21. a4 Nxd3 22. Qxd3 Qc7 23. Ndf3 Nd7 24. Qe3 Nxe5 25. Nxe5 Bd7 1/2-1/2

[Event "Madrid ch Veteranos 2010-2011"]
[Site "Madrid ESP"]
[Date "2011.02.17"]
[Round "9.10"]
[White "Osorio Ramos, Francisco"]
[Black "Fernandez Martinez, Jose"]
[Result "1/2-1/2"]
[WhiteElo "1876"]
[BlackElo "1760"]
[PlyCount "59"]
[EventDate "2011.02.07"]
[EventType "swiss"]
[EventRounds "9"]
[EventCountry "ESP"]
[Source "lmi"]
[SourceDate "2011.02.07"]

1. d4 Nf6 2. Bg5 e6 3. e4 Be7 4. Bd3 d6 5. Nf3 Nbd7 6. O-O O-O 7. Nbd2 h6 8.
Bh4 c5 9. c3 Nh5 10. Bxe7 Qxe7 11. Re1 Nhf6 12. e5 dxe5 13. dxe5 Nd5 14. Bb1
Rb8 15. a4 b6 16. Nc4 Bb7 17. Qc2 g6 18. Qd2 Kg7 19. Be4 Rfd8 20. Rad1 Bc6 21.
Bc2 Nc7 22. Qd6 Qxd6 23. Rxd6 Bd5 24. Ne3 Ne8 25. Rxd5 exd5 26. Nxd5 Nf8 27. c4
Ne6 28. g3 N8c7 29. Rd1 Na6 30. Be4 1/2-1/2